01084pam a2200289 a 4500952014500000999001500145001000800160003000400168005001700172008004100189010001700230020001800247040001800265050002200283082002400305100002800329245007700357250001200434260005500446300003600501440005700537504005100594650002700645700003100672906004500703942004600748 00102ddc40708MANAGEMENTaMESbMEScMANAGEMENTd2019-02-20g395.00l0o658.1511 KAP/Ap37803r2019-02-20 00:00:00w2019-02-20yBKzGL54R2 c8019d80194963359OSt20200117103939.0970728s1998 njua b 001 0 eng  a 97030382  a9788120328242 aDLCcDLCdDLC00aHF5635b.K15 199800a658.1511221bKAP/A a Kaplan, Robert S9121010aAdvanced management accounting /cRobert S. Kaplan, Anthony A. Atkinson. a3rd ed. aUpper Saddle River, N.J. :bPrentice Hall,cc1998. axviii, 798 p. :bill. ;c24 cm. 4aThe Robert S. Kaplan series in management accounting aIncludes bibliographical references and index. 0aManagerial accounting.1 aAtkinson, Anthony A.91236 a7bcbccorignewd1eocipf19gy-gencatlg 2ddccBKh658.1511iKAP/Ak658.1511mKAP/A